| 000 | 00364nam a2200133Ia 4500 | ||
|---|---|---|---|
| 008 | 210430s9999 xx 000 0 und d | ||
| 020 | _a978-81-89741-42-6 | ||
| 082 | _a660 B 212 B | ||
| 100 |
_aS.Bansaude _954323 |
||
| 245 |
_aEncyclopedia of Chemical Engineering _cS.Bansaude |
||
| 260 |
_aNew Delhi _bSBS Publisher _c2007 |
||
| 300 | _a394 p | ||
| 942 |
_cBK _2ddc |
||
| 999 |
_c564879 _d564879 |
||